00608nam a2200145 a 450000100100000000500170001000800410002704000250006810000390009324501490013226000390028130000200032095201050034099900170044500003362720200930070409.0110902s1878 dr 000 0 spa d aDO-SdBNPbspacBNPHU1 aEcheberri, José Manuel de95909710a¿Do existen depositadas las cenizas de Cristóbal Colón? :bapuntes al caso en defensa de su conducta oficial /cJosé Manuel de Echeberri. aSanto Domingo :bSantander,c1878. a27 p. ;c24 cm. 0010718PDaPDbPDcCTd2011-09-02iLF1l0o p33627-10r2020-06-25w2020-06-25yLFPDZNo se presta c33118d33118